No entry is just no acceptable (Record no. 82184)

MARC details
000 -LEADER
fixed length control field 01512cab a22002655a 4500
001 - CONTROL NUMBER
control field L149487
008 - FIXED-LENGTH DATA ELEMENTS--GENERAL INFORMATION
fixed length control field 100309e20100306xxk 000 0 eng d
035 ## - SYSTEM CONTROL NUMBER
System control number (Sirsi) u149487
041 0# - LANGUAGE CODE
Language code of text/sound track or separate title eng
100 1# - MAIN ENTRY--PERSONAL NAME
Personal name Hanson, Richard
245 00 - TITLE STATEMENT
Title No entry is just no acceptable
260 ## - PUBLICATION, DISTRIBUTION, ETC.
Date of publication, distribution, etc. 2010
490 ## - SERIES STATEMENT
Series statement Estates Gazette
Volume/sequential designation (1009) 6 March 2010, 158-160(3)
520 ## - SUMMARY, ETC.
Summary, etc. Service providers must take positive action to ensure that disabled people can access services. Reviews recent case law which considers the provisions of duties by service providers in accordance with the property adjustment provisions of the Disability Discrimination Act (DDA) 1995 Part III. "Allen v Royal Bank of Scotland Group plc" [2009] EWCA Civ 1213 ordered service provider a bank to make physical adjustments to its main branch in Sheffield by installing a lift to provide access for wheelchair users. "Road v Central Trains Ltd" [2004] EWCA Civ 1541 and "Ross v Ryan v RyanAir" [2004] EWCA Civ 175 concerned practices and procedures of service providers rather than physical adjustment of buildings.
590 ## - LOCAL NOTE (RLIN)
Local note KA
650 24 - SUBJECT ADDED ENTRY--TOPICAL TERM
Topical term or geographic name entry element DISABILITY DISCRIMINATION ACT 1995 PART III
650 24 - SUBJECT ADDED ENTRY--TOPICAL TERM
Topical term or geographic name entry element ALLEN V ROYAL BANK OF SCOTLAND GROUP PLC
650 24 - SUBJECT ADDED ENTRY--TOPICAL TERM
Topical term or geographic name entry element ROADS V CENTRAL TRAINS LTD
650 24 - SUBJECT ADDED ENTRY--TOPICAL TERM
Topical term or geographic name entry element ROSS V RYANAIR LTD AND ANOTHER
651 #4 - SUBJECT ADDED ENTRY--GEOGRAPHIC NAME
Geographic name England
Chronological subdivision 886-
690 ## - LOCAL SUBJECT ADDED ENTRY--TOPICAL TERM (OCLC, RLIN)
Topical term or geographic name as entry element MANAGEMENT-BUSINESS MANAGEMENT-DISCRIMINATION-DISABILITY DISCRIMINATION-ACCESSIBILITY
700 1# - ADDED ENTRY--PERSONAL NAME
Personal name Hyndman, Damian
700 1# - ADDED ENTRY--PERSONAL NAME
Personal name William, Peter
942 ## - ADDED ENTRY ELEMENTS (KOHA)
Suppress in OPAC 0
Holdings
Withdrawn status Lost status Source of classification or shelving scheme Damaged status Not for loan Home library Current library Shelving location Date acquired Total Checkouts Full call number Barcode Date last seen Copy number Price effective from Koha item type
    Dewey Decimal Classification     London London Journal article 09/03/2010   L149487 149487-1001 06/08/2019 1 06/08/2019 Journal article